Central Library OPAC University of Rajshahi

Key concepts in business practice / (Record no. 61017)

MARC details
000 -LEADER
fixed length control field 00924nam a2200289 a 4500
001 - CONTROL NUMBER
control field 61017
003 - CONTROL NUMBER IDENTIFIER
rucl marc code BD-RjUL
005 - DATE AND TIME OF LATEST TRANSACTION
control field 20211209080919.0
008 - FIXED-LENGTH DATA ELEMENTS--GENERAL INFORMATION
fixed length control field 170114s2004 enka bd 001 0 eng
020 ## - INTERNATIONAL STANDARD BOOK NUMBER
International Standard Book Number 1403915318 (pbk.)
035 ## - SYSTEM CONTROL NUMBER
System control number (BD-RjUL)61141
040 ## - CATALOGING SOURCE
Original cataloging agency DLC
Transcribing agency DLC
Modifying agency BD-RjUL
Language of cataloging eng
041 ## - LANGUAGE CODE
Language code of text/sound track or separate title eng
082 00 - DEWEY DECIMAL CLASSIFICATION NUMBER
Classification number 650.03
Edition number 23
Author mark and year SUK 2004
100 1# - MAIN ENTRY--PERSONAL NAME
Personal name Sutherland, Jonathan.
9 (RLIN) 176918
245 10 - TITLE STATEMENT
Title Key concepts in business practice /
Statement of responsibility, etc. Jonathan Sutherland and Diane Canwell.
260 ## - PUBLICATION, DISTRIBUTION, ETC. (IMPRINT)
Place of publication, distribution, etc. London :
Name of publisher, distributor, etc. Palgrave Macmillan,
Date of publication, distribution, etc. c2004.
300 ## - PHYSICAL DESCRIPTION
Pagination ix, 294 p. :
Illustrations ill. ;
Size 22 cm.
504 ## - BIBLIOGRAPHY, ETC. NOTE
Bibliography, etc Includes bibliographical references and index.
650 #0 - SUBJECT ADDED ENTRY--TOPICAL TERM
Topical term or geographic name as entry element Business
Form subdivision Dictionaries.
9 (RLIN) 182044
Topical term or geographic name as entry element Management
Form subdivision Dictionaries.
9 (RLIN) 182045
700 1# - ADDED ENTRY--PERSONAL NAME
Personal name Canwell, Diane.
830 ## - SERIES ADDED ENTRY--UNIFORM TITLE
Uniform title Palgrave key concepts
942 ## - ADDED ENTRY ELEMENTS (KOHA)
Source of classification or shelving scheme Dewey Decimal Classification
Koha item type Books
Holdings
Lost status Source of classification or shelving scheme Damaged status Not for loan Collection code Permanent Location Current Location Shelving location Date acquired Source of acquisition Cost, normal purchase price Total Checkouts Full call number Date last seen Copy number Koha item type
  Dewey Decimal Classification   Not For Loan Non-fiction Central Library, University of Rajshahi Central Library, University of Rajshahi Reading Room 29/05/2008 Paragon Enterprizes, Dhaka 12.99   R650.03 SUK 2004 14/01/2017 C-1 Books